000 00632nam a22002417a 4500
003 UA-OsUOA
001 75503
007 ta
008 20110526b un ||||| |||| 00| 0 ukr d
100 _aКлочко М.П.
090 _a821.161.2-1
_bК50
942 _cBK
040 _aUA-OsUOA
_bukr
_cUA-OsUOA
_dUA-OsUOA
245 _aРозмисли
_bпоезії
300 _a129 с.
955 _a3
041 _aukr
080 _a821.161.2-1
020 _a978-966-1567-03-9
260 _aІчня
_bПП "Формат"
_c2009
650 7 _a82 Література. Літературознавство
_2UDC
999 _c361799
_d361799